Selected ghost stories. (Record no. 2723)

MARC details
000 -LEADER
fixed length control field 00428nam a2200205 4500
001 - CONTROL NUMBER
control field 3363
005 - DATE AND TIME OF LATEST TRANSACTION
control field 20181127171103.0
010 00 - LIBRARY OF CONGRESS CONTROL NUMBER
LC control number
020 00 - INTERNATIONAL STANDARD BOOK NUMBER
International Standard Book Number 9789380005201
090 00 - LOCALLY ASSIGNED LC-TYPE CALL NUMBER (OCLC); LOCAL CALL NUMBER (RLIN)
Classification number (OCLC) (R) ; Classification number, CALL (RLIN) (NR) FIC M2973s
100 00 - MAIN ENTRY--PERSONAL NAME
Personal name
245 00 - TITLE STATEMENT
Title Selected ghost stories.
Remainder of title
Statement of responsibility, etc.
Medium
250 00 - EDITION STATEMENT
Edition statement
260 00 - PUBLICATION, DISTRIBUTION, ETC.
Place of publication, distribution, etc. New Delhi :
Name of publisher, distributor, etc. Maple Press,
Date of publication, distribution, etc. 2010.
300 00 - PHYSICAL DESCRIPTION
Extent 584 p.
500 00 - GENERAL NOTE
General note
650 00 - SUBJECT ADDED ENTRY--TOPICAL TERM
Topical term or geographic name entry element
General subdivision
Topical term or geographic name entry element Ghost stories.
General subdivision
Topical term or geographic name entry element Horror tales.
General subdivision
Holdings
Withdrawn status Lost status Source of classification or shelving scheme Damaged status Not for loan Collection code Home library Current library Shelving location Date acquired Serial Enumeration / chronology Inventory number Total Checkouts Total Renewals Full call number Barcode Date last seen Date last checked out Price effective from Koha item type
    Dewey Decimal Classification     Fiction RTC Library RTC Library Fiction 13/10/2021 5846 5 6 FIC 813.54 MAP 30001585 21/06/2022 20/06/2022 27/11/2018 Fiction
Royal Thimphu College || All Right Reserved